Niños maltratados / (Record no. 13286)

MARC details
000 -LEADER
campo de control de longitud fija 00756nam a2200229 i 4500
001 - NÚMERO DE CONTROL
campo de control 13286
003 - IDENTIFICADOR DE NÚMERO DE CONTROL
campo de control ES-MaACL
005 - FECHA Y HORA DE LA ÚLTIMA TRANSACCIÓN
campo de control 20230906150536.0
007 - CAMPO FIJO DE DESCRIPCIÓN FÍSICA--INFORMACIÓN GENERAL
campo de control de longitud fija t|
008 - DATOS DE LONGITUD FIJA--INFORMACIÓN GENERAL
campo de control de longitud fija 980122s1997 sp ||||1| spa d
020 ## - NÚMERO INTERNACIONAL ESTÁNDAR DEL LIBRO
Número Internacional Estándar del Libro 84-7978-308-7
080 ## - NÚMERO DE LA CLASIFICACIÓN DECIMAL UNIVERSAL
Número de la Clasificación Decimal Universal 364.444:616-053.2
080 ## - NÚMERO DE LA CLASIFICACIÓN DECIMAL UNIVERSAL
Número de la Clasificación Decimal Universal 616-053.2:364.444
245 00 - MENCIÓN DEL TÍTULO
Título Niños maltratados /
Mención de responsabilidad, etc. Juan Casado Flores, José A. Díaz Huertas, Carmen Martínez González (directores).
260 ## - PUBLICACIÓN, DISTRIBUCIÓN, ETC.
Lugar de publicación, distribución, etc. Madrid :
Nombre del editor, distribuidor, etc. Díaz de Santos,
Fecha de publicación, distribución, etc. [1997]
300 ## - DESCRIPCIÓN FÍSICA
Extensión XIX, 372 p. :
Otras características físicas il. ;
Dimensiones 26 cm.
650 14 - PUNTO DE ACCESO ADICIONAL DE MATERIA--TÉRMINO DE MATERIA
Término de materia o nombre geográfico como elemento de entrada Niños maltratados-
Subdivisión general Asistencia sanitaria.
9 (RLIN) 15565
700 1# - ENTRADA AGREGADA--NOMBRE PERSONAL
Nombre de persona Casado Flores, Juan.
9 (RLIN) 36017
700 1# - ENTRADA AGREGADA--NOMBRE PERSONAL
Nombre de persona Díaz Huertas, José A.
9 (RLIN) 44310
700 1# - ENTRADA AGREGADA--NOMBRE PERSONAL
Nombre de persona Martínez González, Carmen.
9 (RLIN) 78132
852 ## - LOCALIZACIÓN
Ubicación ES-MaACL
Número de control de estantería L-20635
Holdings
Estatus retirado Estado de pérdida Estado de daño No para préstamo Biblioteca de origen Biblioteca actual Ubicación en estantería Fecha de adquisición Fuente de adquisición Total de préstamos Signatura topográfica completa Código de barras Visto por última vez Precio de reemplazo Tipo de ítem Koha
        Biblioteca del Ateneo de Madrid Biblioteca del Ateneo de Madrid Depósito 2 17/01/2008     L-20635 1013529 23/02/2023 23/02/2023 Libro impreso